Länder mit den meisten Wal-Marts - Statistiken

Allgemein
  • Dieses Quiz wurde 102 mal gespielt
  • Das Durchschnittsergebnis liegt bei 6 aus 10
Antwortstatistiken
# von Wal-Marts Land % Korrekt
5,362 Vereinigte Staaten
100%
411 Kanada
95%
2,448 Mexiko
91%
633 Vereinigtes Königreich
81%
433 China
78%
331 Japan
78%
390 Südafrika
34%
250 Guatemala
25%
375 Chile
23%
257 Costa Rica
15%
Keine übereinstimmenden Quizze gefunden
Verteilung der Resultate
Anzahl Personen mit jedem Resultat
Perzentil nach korrekt beantworteten Fragen
Ihre Resultats-Entwicklung
Sie haben dieses Quiz noch nicht gespielt